000 00203 a2200097 4500
001 4311
100 _aWilliams,G.E
245 _aElectrical engineering
260 _a
_bHeinemann
_c
090 _c3527
_d3527
942 _aNUST-CAE
_cM
_c28080
999 _c239384
_d239384